Church in the Roman Empire Before A.D.170 (Record no. 2206)

MARC details
000 -LEADER
fixed length control field 00631nam a2200253 a 4500
020 ## - INTERNATIONAL STANDARD BOOK NUMBER
ISBN
082 00 - DEWEY DECIMAL CLASSIFICATION NUMBER
Classification number 270.1
Author Cutter RAM
100 ## - MAIN ENTRY--AUTHOR NAME
Author name Ramsay, W M
245 ## - TITLE STATEMENT
Title Church in the Roman Empire Before A.D.170
260 ## - PUBLICATION, DISTRIBUTION, ETC. (IMPRINT)
Place of publication London
Name of publisher Hodder & Stoughton
Year of publication 1892
300 ## - PHYSICAL DESCRIPTION
Number of Pages 310p
500 ## - GENERAL NOTE
General note includes index and biblioraphy
505 2# - FORMATTED CONTENTS NOTE
Formatted contents note Index
650 ## - SUBJECT ADDED ENTRY--TOPICAL TERM
Topical Term Christianity-Spain
650 ## - SUBJECT ADDED ENTRY--TOPICAL TERM
Topical Term Church-History Primitive & Early
942 ## - ADDED ENTRY ELEMENTS (KOHA)
Koha item type Books
700 1# -
-- Ramsay, W M
Holdings
Home library Current library Date acquired Cost, normal purchase price Full call number Accession Number Koha item type
Henry Martyn Institute Library Henry Martyn Institute Library   100.00 270.1 RAM 373 Archive Book
Henry Martyn Institute Library Henry Martyn Institute Library   100.00 270.1 RAM 7228 Archive Book
                   Copyright © 2026 | Henry Martyn Institute | Hyderabad | TS-500052 | INDIA | Implemented by hmi.edu.in
Hit-Count:

Powered by Koha